[Event "Gibtelecom Festival 2010 - Challenger 2"]
[Site "Gibraltar ENG"]
[Date "2010.02.02"]
[Round "3.45"]
[White "Hagen, Anders Gjerdrum"]
[Black "Mathon, Dimitrij"]
[Result "1-0"]
[WhiteElo "2108"]
[BlackElo "1780"]
[PlyCount "85"]
[EventDate "2010.01.31"]
[EventType "swiss"]
[EventRounds "5"]
[EventCountry "ENG"]
[Source "lmi"]
[SourceDate "2010.01.31"]

1. d4 Nf6 2. c4 g6 3. Nc3 Bg7 4. e4 d6 5. Nf3 c6 6. Be2 O-O 7. O-O Nbd7 8. Be3
Ng4 9. Bg5 Ngf6 10. Rb1 a5 11. Qd2 Qc7 12. Ne1 e5 13. d5 Ne8 14. Be7 f6 15.
Bxf8 Bxf8 16. Bg4 Ng7 17. b3 f5 18. Bf3 Nf6 19. Nd3 Bd7 20. Rfe1 Rc8 21. Rbc1
Qd8 22. g3 Be7 23. Rcd1 Qc7 24. Nxe5 dxe5 25. d6 Bxd6 26. Qxd6 Qxd6 27. Rxd6
Kf7 28. exf5 Nxf5 29. Rd3 Re8 30. Ne4 Re7 31. Nxf6 Kxf6 32. Bg4 e4 33. Rd2 h5
34. Bh3 c5 35. Bxf5 gxf5 36. Rd5 Bc6 37. Rxc5 Rd7 38. Rxa5 Rd2 39. Re3 Rd3 40.
Rxd3 exd3 41. Kf1 Be4 42. f4 Kg6 43. h4 1-0

[Event "Gibtelecom Festival 2010 - Challenger 2"]
[Site "Gibraltar ENG"]
[Date "2010.02.02"]
[Round "3.46"]
[White "Bishop, Geoffrey L"]
[Black "Perez Reisler, Jose"]
[Result "1-0"]
[WhiteElo "1851"]
[BlackElo "2001"]
[PlyCount "47"]
[EventDate "2010.01.31"]
[EventType "swiss"]
[EventRounds "5"]
[EventCountry "ENG"]
[Source "lmi"]
[SourceDate "2010.01.31"]

1. e4 d5 2. exd5 Qxd5 3. Nc3 Qd6 4. d4 g6 5. Bc4 Bg7 6. Be3 Nf6 7. Qd2 a6 8. f3
b5 9. Bb3 Bb7 10. Nge2 O-O 11. O-O-O e6 12. Ng3 Nd5 13. Nge4 Qd8 14. Bg5 f6 15.
Bh6 Nd7 16. h4 f5 17. Bxg7 Kxg7 18. Ng5 Qf6 19. Rde1 Rae8 20. h5 N7b6 21. hxg6
Qxg6 22. Rxh7+ Kf6 23. Nge4+ fxe4 24. Nxe4+ 1-0

[Event "Gibtelecom Festival 2010 - Challenger 2"]
[Site "Gibraltar ENG"]
[Date "2010.02.02"]
[Round "3.47"]
[White "Steinskog, Asbjorn Ottesen"]
[Black "Hansen, Erle Andrea Marki"]
[Result "1/2-1/2"]
[WhiteElo "1884"]
[BlackElo "1699"]
[PlyCount "51"]
[EventDate "2010.01.31"]
[EventType "swiss"]
[EventRounds "5"]
[EventCountry "ENG"]
[Source "lmi"]
[SourceDate "2010.01.31"]

1. Nf3 d5 2. c4 c6 3. g3 Bf5 4. Bg2 Nf6 5. cxd5 cxd5 6. d4 e6 7. Nc3 Nc6 8. O-O
Bd6 9. h3 O-O 10. a3 Ne4 11. Nb5 Bb8 12. Nh4 Qf6 13. Nxf5 Qxf5 14. Nc3 Qg6 15.
Nxe4 dxe4 16. e3 Ne7 17. Qc2 f5 18. Qb3 b6 19. Bd2 Bd6 20. Bb4 Bxb4 21. Qxb4
Nd5 22. Qd2 Rac8 23. Rac1 h5 24. h4 Qh6 25. Rxc8 Rxc8 26. Rc1 1/2-1/2

[Event "Gibtelecom Festival 2010 - Challenger 2"]
[Site "Gibraltar ENG"]
[Date "2010.02.02"]
[Round "3.48"]
[White "Savage, Neil"]
[Black "Kelly, Paul J"]
[Result "0-1"]
[WhiteElo "1755"]
[BlackElo "1880"]
[PlyCount "48"]
[EventDate "2010.01.31"]
[EventType "swiss"]
[EventRounds "5"]
[EventCountry "ENG"]
[Source "lmi"]
[SourceDate "2010.01.31"]

1. c4 e5 2. Nc3 d6 3. Nf3 f5 4. d4 e4 5. Nd2 c6 6. d5 Nf6 7. Nb3 Nbd7 8. f3 Ne5
9. Bg5 Be7 10. dxc6 bxc6 11. Qd4 c5 12. Nxc5 Nc6 13. Qe3 dxc5 14. g3 Qd4 15.
Nb5 Qxe3 16. Bxe3 O-O 17. O-O-O Ne5 18. Bf4 Nxc4 19. Nc7 Rb8 20. Nd5 Rb7 21. b3
Nxd5 22. Rxd5 g5 23. bxc4 gxf4 24. gxf4 Be6 0-1

[Event "Gibtelecom Festival 2010 - Challenger 2"]
[Site "Gibraltar ENG"]
[Date "2010.02.02"]
[Round "3.51"]
[White "Weeramantry, Sunil"]
[Black "Garcia Magadan, Ramon"]
[Result "0-1"]
[WhiteElo "2201"]
[BlackElo "2035"]
[PlyCount "158"]
[EventDate "2010.01.31"]
[EventType "swiss"]
[EventRounds "5"]
[EventCountry "ENG"]
[Source "lmi"]
[SourceDate "2010.01.31"]

1. e4 e5 2. Nf3 Nc6 3. d4 exd4 4. Bc4 Nf6 5. e5 d5 6. Bb5 Ne4 7. Nxd4 Bd7 8.
Bxc6 bxc6 9. O-O Bc5 10. f3 Ng5 11. f4 Ne4 12. Be3 Bb6 13. Nd2 Nxd2 14. Qxd2 c5
15. Nb3 d4 16. Bf2 Bc6 17. c4 Qd7 18. Bh4 Qf5 19. Rad1 a5 20. Qe2 a4 21. Nc1
O-O 22. g4 Qd7 23. f5 Bb7 24. h3 Qc6 25. Kh2 Rfe8 26. Nd3 Ba5 27. Rf2 Rab8 28.
f6 g6 29. Bg5 Ba6 30. Nf4 Rb4 31. Rc1 Qd7 32. Rg2 c6 33. Qf2 Rxe5 34. Qh4 Qe8
35. Qh6 Qf8 36. Nd3 Rxg5 37. Qxg5 Rxc4 38. Rxc4 Bxc4 39. Qxc5 Bc7+ 40. Kg1 Bxd3
41. Qxd4 Qd8 42. Qxd8+ Bxd8 43. Rd2 Bb6+ 44. Kh2 Bc4 45. Rd7 h6 46. h4 h5 47.
Rb7 Bc5 48. b3 axb3 49. axb3 Bd5 50. gxh5 gxh5 51. Kg3 Bd6+ 52. Kf2 Be5 53. Ke3
Bxf6 54. Rb4 Kg7 55. Rb8 Bxh4 56. b4 Bg3 57. Rd8 h4 58. b5 h3 59. bxc6 Bxc6 60.
Rc8 Bb7 61. Rc4 f5 62. Rb4 Be4 63. Rb2 h2 64. Rxh2 Bxh2 65. Kf2 f4 66. Kf1 Kg6
67. Kf2 Kg5 68. Kf1 Kg4 69. Kf2 Bf3 70. Kf1 Kg3 71. Ke1 Kg2 72. Kd2 Bd5 73. Ke2
f3+ 74. Kd2 f2 75. Ke3 Be5 76. Kd2 f1=Q 77. Ke3 Qf4+ 78. Ke2 Bf3+ 79. Ke1 Qc1#
0-1

[Event "Gibtelecom Festival 2010 - Challenger 2"]
[Site "Gibraltar ENG"]
[Date "2010.02.03"]
[Round "4.1"]
[White "Lyell, Mark"]
[Black "Garcia Magadan, Ramon"]
[Result "1-0"]
[WhiteElo "2224"]
[BlackElo "2035"]
[PlyCount "31"]
[EventDate "2010.01.31"]
[EventType "swiss"]
[EventRounds "5"]
[EventCountry "ENG"]
[Source "lmi"]
[SourceDate "2010.01.31"]

1. e4 e5 2. Nf3 Nc6 3. d4 exd4 4. Nxd4 Nf6 5. Nxc6 bxc6 6. e5 Qe7 7. Qe2 Nd5 8.
c4 Ba6 9. b3 g5 10. g3 Bg7 11. Bb2 O-O 12. Bg2 Rae8 13. O-O Nb6 14. Re1 d5 15.
Qc2 Bxe5 16. Rxe5 1-0

[Event "Gibtelecom Festival 2010 - Challenger 2"]
[Site "Gibraltar ENG"]
[Date "2010.02.03"]
[Round "4.2"]
[White "Isherwood, Paul"]
[Black "Haarr, Jon Kristian"]
[Result "0-1"]
[WhiteElo "2017"]
[BlackElo "2157"]
[PlyCount "124"]
[EventDate "2010.01.31"]
[EventType "swiss"]
[EventRounds "5"]
[EventCountry "ENG"]
[Source "lmi"]
[SourceDate "2010.01.31"]

1. d4 Nf6 2. Nf3 d5 3. e3 c6 4. Bd3 Bg4 5. Nbd2 Nbd7 6. h3 Bh5 7. O-O e6 8. c3
Bd6 9. e4 dxe4 10. Nxe4 Nxe4 11. Bxe4 Nf6 12. Bd3 Bc7 13. Re1 Qd6 14. Re5 Qe7
15. Re1 O-O 16. Bg5 Rfd8 17. g4 Bg6 18. Ne5 c5 19. Bc4 cxd4 20. cxd4 Qd6 21.
Qf3 Bb6 22. Rad1 Bxd4 23. Nxg6 hxg6 24. Be3 Qc5 25. Rxd4 Rxd4 26. Bxd4 Qxd4 27.
Qxb7 Rd8 28. Bb3 Qxb2 29. Qxa7 Qc3 30. Re3 Qa1+ 31. Kg2 Qc1 32. Qb7 Qd2 33. a4
Qa5 34. Qb5 Qa8+ 35. f3 Rb8 36. Qc5 Rc8 37. Qb5 Rb8 38. Qc5 Qa6 39. Qc4 Qb7 40.
Qc5 Qd7 41. Qc3 Qd6 42. Qd3 Qf4 43. Re1 Qg5 44. Qe3 Qa5 45. Rd1 Qb4 46. Rb1 Nd5
47. Qe5 Qd2+ 48. Kg3 Rd8 49. Bxd5 Rxd5 50. Qe1 Qa2 51. Ra1 Qb2 52. Rb1 Qa3 53.
Qb4 Qe3 54. Qe1 Qa7 55. Ra1 Qc7+ 56. Kg2 Qc2+ 57. Kg3 Rd2 58. Qf1 g5 59. Ra3
Qc7+ 60. f4 gxf4+ 61. Kh4 Qe7+ 62. g5 Qxa3 0-1

[Event "Gibtelecom Festival 2010 - Challenger 2"]
[Site "Gibraltar ENG"]
[Date "2010.02.03"]
[Round "4.3"]
[White "Demac, Elias"]
[Black "Montero Melendez, Rafael"]
[Result "1/2-1/2"]
[WhiteElo "2104"]
[BlackElo "2248"]
[PlyCount "87"]
[EventDate "2010.01.31"]
[EventType "swiss"]
[EventRounds "5"]
[EventCountry "ENG"]
[Source "lmi"]
[SourceDate "2010.01.31"]

1. d4 Nf6 2. c4 e6 3. Nf3 c5 4. d5 exd5 5. cxd5 d6 6. Nc3 g6 7. Bf4 a6 8. e4 b5
9. Qe2 Be7 10. Qc2 O-O 11. Be2 Bg4 12. O-O Nbd7 13. a4 b4 14. Nb1 Re8 15. Nbd2
Bf8 16. h3 Bxf3 17. Bxf3 Ne5 18. Rfe1 Nfd7 19. Be2 Bg7 20. Bh2 Nb6 21. Rad1 c4
22. a5 b3 23. Qb1 Na4 24. Bxc4 Nxb2 25. Rc1 Qxa5 26. Bxe5 Bxe5 27. Nf3 Nxc4 28.
Rxc4 Rab8 29. Nxe5 Rxe5 30. Rec1 Ree8 31. Qb2 Qa2 32. Rb1 Qxb2 33. Rxb2 a5 34.
Kf1 Rb5 35. Ke2 Rxd5 36. Rxb3 Rde5 37. Kf3 d5 38. exd5 Rxd5 39. g4 Kg7 40. Rc7
Re6 41. Ra7 g5 42. Kg3 h6 43. Ra3 Rf6 44. R7xa5 1/2-1/2

[Event "Gibtelecom Festival 2010 - Challenger 2"]
[Site "Gibraltar ENG"]
[Date "2010.02.03"]
[Round "4.4"]
[White "Henriksson, Johan"]
[Black "Ungureanu, Sandu"]
[Result "1-0"]
[WhiteElo "2204"]
[BlackElo "2094"]
[PlyCount "91"]
[EventDate "2010.01.31"]
[EventType "swiss"]
[EventRounds "5"]
[EventCountry "ENG"]
[Source "lmi"]
[SourceDate "2010.01.31"]

1. d4 d6 2. Nf3 g6 3. g3 Bg7 4. Bg2 e5 5. dxe5 dxe5 6. Qxd8+ Kxd8 7. Nc3 c6 8.
Be3 Na6 9. Ne4 f6 10. Nd6 Ke7 11. Nxc8+ Rxc8 12. Bxa7 Nh6 13. Nd2 Nf5 14. c3
Nb8 15. Bc5+ Kf7 16. Nc4 Nd7 17. Nd6+ Nxd6 18. Bxd6 Bf8 19. O-O-O Bxd6 20. Rxd6
Ke7 21. Rhd1 Rhd8 22. Kc2 Nc5 23. Rxd8 Rxd8 24. Rxd8 Kxd8 25. b4 Ne6 26. b5 Kc7
27. bxc6 bxc6 28. Kd3 Kb6 29. Kc4 Nc5 30. f4 exf4 31. gxf4 g5 32. fxg5 fxg5 33.
Bf3 Nd7 34. Kd4 h6 35. Ke4 Nc5+ 36. Kf5 Na4 37. Kg6 Nxc3 38. Kxh6 g4 39. Bxg4
Nxa2 40. h4 c5 41. h5 c4 42. Kg7 c3 43. Bf5 Nc1 44. e3 Ne2 45. h6 Ng3 46. Bb1
1-0

[Event "Gibtelecom Festival 2010 - Challenger 2"]
[Site "Gibraltar ENG"]
[Date "2010.02.03"]
[Round "4.6"]
[White "Sommerhalder, Eric"]
[Black "Daoudi, Kamal"]
[Result "0-1"]
[WhiteElo "1899"]
[BlackElo "2155"]
[PlyCount "88"]
[EventDate "2010.01.31"]
[EventType "swiss"]
[EventRounds "5"]
[EventCountry "ENG"]
[Source "lmi"]
[SourceDate "2010.01.31"]

1. e4 e5 2. Nf3 Nc6 3. Bb5 a6 4. Bxc6 dxc6 5. O-O f6 6. d4 Bg4 7. dxe5 Qxd1 8.
Rxd1 fxe5 9. Nbd2 O-O-O 10. Re1 Bd6 11. h3 Bh5 12. g4 Bf7 13. Ng5 Bg6 14. Nc4
Nf6 15. f4 Bc5+ 16. Kg2 exf4 17. Bxf4 Rhe8 18. Ne5 Rxe5 19. Bxe5 Rd2+ 20. Kf3
Rf2+ 21. Kg3 Rxc2 22. Rac1 Rxc1 23. Rxc1 Be3 24. Bf4 Bxc1 25. Bxc1 Bxe4 26.
Nxe4 Nxe4+ 27. Kf3 Nd6 28. Bd2 Kd7 29. Kf4 Ke6 30. h4 c5 31. Bc3 g6 32. h5 Nf7
33. Bg7 g5+ 34. Ke4 Nd6+ 35. Kd3 Kd5 36. Bf6 c4+ 37. Ke3 Ne4 38. Bd8 c5 39. Be7
b5 40. Bd8 b4 41. Be7 a5 42. a4 c3 43. bxc3 b3 44. Kd3 c4+ 0-1

[Event "Gibtelecom Festival 2010 - Challenger 2"]
[Site "Gibraltar ENG"]
[Date "2010.02.03"]
[Round "4.7"]
[White "Carr, Chris"]
[Black "Fokin, Sergey"]
[Result "1/2-1/2"]
[WhiteElo "1864"]
[BlackElo "2109"]
[PlyCount "138"]
[EventDate "2010.01.31"]
[EventType "swiss"]
[EventRounds "5"]
[EventCountry "ENG"]
[Source "lmi"]
[SourceDate "2010.01.31"]

1. c4 Nf6 2. Nc3 c5 3. Nf3 Nc6 4. g3 d5 5. cxd5 Nxd5 6. Bg2 Nc7 7. O-O e5 8. d3
Be7 9. a3 O-O 10. Rb1 Be6 11. Nd2 Nd5 12. Nc4 Qd7 13. Ne3 Nb6 14. b3 Rad8 15.
Bb2 f6 16. Rc1 Nd4 17. Nc4 Nd5 18. Nxd5 Bxd5 19. Bxd4 cxd4 20. Bxd5+ Qxd5 21.
b4 Rc8 22. Qb3 a6 23. Na5 Qxb3 24. Nxb3 b6 25. Rc4 b5 26. Rcc1 Kf7 27. Rfd1 Ke6
28. Kf1 f5 29. Rxc8 Rxc8 30. Rc1 Rxc1+ 31. Nxc1 a5 32. bxa5 Bxa3 33. Nb3 Kd5
34. f3 Bc5 35. h3 Kc6 36. g4 f4 37. Ke1 Bb4+ 38. Kd1 Kb7 39. h4 Ka6 40. h5 Bxa5
41. Nc5+ Kb6 42. Ne6 Kc6 43. Nxg7 Kd7 44. g5 Bd8 45. g6 hxg6 46. hxg6 Ke7 47.
Nf5+ Kf6 48. g7 Kf7 49. Nd6+ Kxg7 50. Nxb5 Be7 51. Nc7 Kf7 52. Kc2 Bd6 53. Nb5
Be7 54. Kb3 Bf8 55. Kc4 Ke6 56. Nc7+ Kd6 57. Nd5 Bh6 58. Nf6 Ke6 59. Ne4 Bf8
60. Ng5+ Kd6 61. Ne4+ Kc6 62. Ng5 Be7 63. Ne4 Bf8 64. Nf6 Be7 65. Ng4 Bd6 66.
Nf6 Be7 67. Ng4 Bd6 68. Nf6 Be7 69. Ng4 Bd6 1/2-1/2

[Event "Gibtelecom Festival 2010 - Challenger 2"]
[Site "Gibraltar ENG"]
[Date "2010.02.03"]
[Round "4.8"]
[White "Flermoen, Peter"]
[Black "Lumsdon, Andrew"]
[Result "1/2-1/2"]
[WhiteElo "2108"]
[BlackElo "2090"]
[PlyCount "85"]
[EventDate "2010.01.31"]
[EventType "swiss"]
[EventRounds "5"]
[EventCountry "ENG"]
[Source "lmi"]
[SourceDate "2010.01.31"]

1. e4 c6 2. d4 d5 3. Nc3 dxe4 4. Nxe4 Nf6 5. Nxf6+ gxf6 6. c3 Bf5 7. Bc4 Qc7 8.
Ne2 Nd7 9. Ng3 Bg6 10. O-O e6 11. f4 f5 12. b4 Nf6 13. a4 h5 14. Bd2 h4 15. Ne2
Ne4 16. Be1 Be7 17. Nc1 Bh5 18. Qc2 Rg8 19. Bd3 Nf6 20. b5 Bg4 21. Kh1 Nh5 22.
bxc6 bxc6 23. Qf2 Kd7 24. Be2 Rh8 25. Kg1 Rag8 26. Nd3 Bh3 27. Ne5+ Ke8 28. Bf3
f6 29. Kh1 fxe5 30. Bxh5+ Rxh5 31. gxh3 exf4 32. Qf3 Rh7 33. Bd2 Bd6 34. Rae1
Kd7 35. c4 c5 36. Rxe6 Kxe6 37. Qd5+ Kf6 38. Qxg8 Rg7 39. Qh8 cxd4 40. Qxh4+
Rg5 41. Qh8+ Rg7 42. Qh4+ Rg5 43. Qh8+ 1/2-1/2

[Event "Gibtelecom Festival 2010 - Challenger 2"]
[Site "Gibraltar ENG"]
[Date "2010.02.03"]
[Round "4.9"]
[White "Martinez Rodriguez, Pablo"]
[Black "Dasaolu, Adeoye"]
[Result "1-0"]
[WhiteElo "2234"]
[BlackElo "2068"]
[PlyCount "71"]
[EventDate "2010.01.31"]
[EventType "swiss"]
[EventRounds "5"]
[EventCountry "ENG"]
[Source "lmi"]
[SourceDate "2010.01.31"]

1. Nf3 Nf6 2. b3 c5 3. Bb2 b6 4. g3 Bb7 5. Bg2 e6 6. O-O d6 7. c4 Be7 8. Nc3
O-O 9. d4 cxd4 10. Qxd4 Nbd7 11. Rad1 a6 12. h3 Qc7 13. g4 Qc5 14. Na4 Qxd4 15.
Nxd4 Bxg2 16. Kxg2 Rfc8 17. f4 Rab8 18. Nc3 Nc5 19. Kf3 g6 20. e4 Nfd7 21. Rd2
g5 22. f5 Ne5+ 23. Ke3 Nc6 24. Nxc6 Rxc6 25. fxe6 fxe6 26. e5 Nd7 27. Ne4 Nxe5
28. Bxe5 dxe5 29. Rd7 Re8 30. Nf6+ Bxf6 31. Rxf6 b5 32. Rff7 h6 33. Rg7+ Kh8
34. Rh7+ Kg8 35. Rdg7+ Kf8 36. Rb7 1-0

[Event "Gibtelecom Festival 2010 - Challenger 2"]
[Site "Gibraltar ENG"]
[Date "2010.02.03"]
[Round "4.10"]
[White "Jameson, David"]
[Black "Kandic, Milan"]
[Result "1-0"]
[WhiteElo "2053"]
[BlackElo "2216"]
[PlyCount "59"]
[EventDate "2010.01.31"]
[EventType "swiss"]
[EventRounds "5"]
[EventCountry "ENG"]
[Source "lmi"]
[SourceDate "2010.01.31"]

1. c4 d6 2. Nc3 e5 3. g3 Nf6 4. Bg2 g6 5. e3 Bg7 6. Nge2 O-O 7. O-O Nc6 8. b3
Bg4 9. Bb2 Qd7 10. d4 Rae8 11. Re1 e4 12. a3 Qf5 13. Qc2 Bf3 14. Bxf3 Qxf3 15.
Nf4 Qg4 16. b4 h5 17. Qe2 Qd7 18. Ncd5 Ne7 19. Nxf6+ Bxf6 20. d5 Qf5 21. Rab1
h4 22. g4 Qg5 23. Nh3 Qh6 24. Bxf6 g5 25. Bxg5 Qg6 26. Bxe7 Rxe7 27. Nf4 Qg5
28. h3 f5 29. Ne6 Qg6 30. Nxf8 1-0

[Event "Gibtelecom Festival 2010 - Challenger 2"]
[Site "Gibraltar ENG"]
[Date "2010.02.03"]
[Round "4.12"]
[White "Pettersen, Joar Gullestad"]
[Black "Byrn, Carsten"]
[Result "0-1"]
[WhiteElo "2020"]
[BlackElo "2171"]
[PlyCount "54"]
[EventDate "2010.01.31"]
[EventType "swiss"]
[EventRounds "5"]
[EventCountry "ENG"]
[Source "lmi"]
[SourceDate "2010.01.31"]

1. d4 Nf6 2. c4 g6 3. Nc3 d5 4. cxd5 Nxd5 5. Bd2 Bg7 6. e4 Nb6 7. h3 e5 8. d5
c6 9. Be3 O-O 10. Nf3 cxd5 11. exd5 N8d7 12. Be2 Nf6 13. Nxe5 Nfxd5 14. Bxb6
Nxb6 15. Nf3 Be6 16. O-O Qxd1 17. Rfxd1 Rfd8 18. a3 Bb3 19. Re1 Nc4 20. Bxc4
Bxc4 21. Re7 Bxc3 22. bxc3 Bd5 23. Nd4 Rac8 24. Re3 a6 25. Rb1 Rc4 26. g3 Rdc8
27. Rc1 Rxd4 0-1

[Event "Gibtelecom Festival 2010 - Challenger 2"]
[Site "Gibraltar ENG"]
[Date "2010.02.03"]
[Round "4.13"]
[White "Gandrud, Vegar Koi"]
[Black "Horrocks, Stephen J"]
[Result "1-0"]
[WhiteElo "2158"]
[BlackElo "1992"]
[PlyCount "125"]
[EventDate "2010.01.31"]
[EventType "swiss"]
[EventRounds "5"]
[EventCountry "ENG"]
[Source "lmi"]
[SourceDate "2010.01.31"]

1. d4 c5 2. d5 b5 3. c4 b4 4. a3 Na6 5. g3 d6 6. Bg2 g6 7. e4 Bg7 8. Ne2 Nf6 9.
O-O O-O 10. f4 Nd7 11. Nd2 bxa3 12. Rxa3 Nb4 13. Nf3 Qc7 14. b3 Rb8 15. Qd2 e6
16. Bb2 Bxb2 17. Qxb2 exd5 18. cxd5 Ba6 19. Rfa1 Qb6 20. Kh1 Bxe2 21. Qxe2 a6
22. Nd2 Qc7 23. Nc4 Rfe8 24. Qd2 Nb6 25. Ne3 Qe7 26. Nc2 Nxc2 27. Qxc2 Ra8 28.
Rxa6 Rxa6 29. Rxa6 Nxd5 30. Qd2 Nf6 31. Qxd6 Qxd6 32. Rxd6 Nxe4 33. Rc6 Nd2 34.
Bd5 Rd8 35. Rxc5 Nf1 36. Kg1 Ne3 37. Bf3 Rd3 38. b4 Rb3 39. b5 Nf5 40. Be2 Nd6
41. Rd5 Rb1+ 42. Kg2 Ne4 43. Bd3 Rb2+ 44. Kf3 Nc3 45. Rc5 Na4 46. Rc4 Nb6 47.
Rc6 Na4 48. Bc2 Rb4 49. Bxa4 Rxa4 50. b6 Rb4 51. Ke3 Kf8 52. Kd3 Ke8 53. Kc3
Rb1 54. Rc8+ Kd7 55. Rc7+ Ke6 56. b7 h5 57. Kd4 f5 58. Kc5 Rc1+ 59. Kb6 Rb1+
60. Ka7 Ra1+ 61. Kb8 Kd6 62. Kc8 Re1 63. Rd7+ 1-0

[Event "Gibtelecom Festival 2010 - Challenger 2"]
[Site "Gibraltar ENG"]
[Date "2010.02.03"]
[Round "4.15"]
[White "Pereira, Johnharry"]
[Black "Lipecki, Alexander"]
[Result "0-1"]
[WhiteElo "1892"]
[BlackElo "2146"]
[PlyCount "104"]
[EventDate "2010.01.31"]
[EventType "swiss"]
[EventRounds "5"]
[EventCountry "ENG"]
[Source "lmi"]
[SourceDate "2010.01.31"]

1. d4 Nf6 2. c4 d6 3. Nc3 g6 4. e4 Bg7 5. Nf3 Bg4 6. Be2 O-O 7. O-O Nfd7 8. h3
Bxf3 9. Bxf3 c5 10. e5 Nc6 11. Bxc6 bxc6 12. dxc5 Nxe5 13. Qe2 Re8 14. Rd1 Qa5
15. Ne4 Nxc4 16. Qxc4 d5 17. Qe2 dxe4 18. Qxe4 Qxc5 19. Be3 Qb5 20. Bd4 e5 21.
Bc3 Rad8 22. a4 Qb7 23. Rxd8 Rxd8 24. Bxe5 Re8 25. f4 Bxe5 26. fxe5 Qxb2 27.
Rb1 Rxe5 28. Qxg6+ hxg6 29. Rxb2 Ra5 30. Rc2 Rxa4 31. Rxc6 Ra2 32. Kh2 Kg7 33.
Kg3 g5 34. Kf3 f6 35. g3 Kg6 36. Rc8 Ra3+ 37. Kf2 a5 38. Rc5 a4 39. Ra5 Ra1 40.
h4 a3 41. hxg5 a2 42. gxf6 Rh1 43. f7 Kxf7 44. Ra7+ Ke6 45. Ra6+ Kd5 46. Ra5+
Kc4 47. Ra4+ Kb5 48. Rxa2 Rh2+ 49. Kf3 Rxa2 50. Kf4 Kc6 51. g4 Kd7 52. Ke5 Rf2
0-1

[Event "Gibtelecom Festival 2010 - Challenger 2"]
[Site "Gibraltar ENG"]
[Date "2010.02.03"]
[Round "4.16"]
[White "Popa-Matei, Viorel-Ovidiu"]
[Black "Skage, Oystein Aagedal"]
[Result "1-0"]
[WhiteElo "2137"]
[BlackElo "1935"]
[PlyCount "49"]
[EventDate "2010.01.31"]
[EventType "swiss"]
[EventRounds "5"]
[EventCountry "ENG"]
[Source "lmi"]
[SourceDate "2010.01.31"]

1. e4 e5 2. Nf3 Nc6 3. Bc4 Bc5 4. c3 Nf6 5. d3 d6 6. h3 Ne7 7. O-O c6 8. d4
exd4 9. cxd4 Bb6 10. Bd3 d5 11. e5 Ne4 12. Nc3 Nf5 13. Nxe4 dxe4 14. Bxe4 Nxd4
15. Nxd4 Qxd4 16. Qc2 Qc5 17. Qe2 Bd7 18. Rd1 Qxe5 19. Bf4 Qe6 20. Rd6 Qe7 21.
Rad1 O-O-O 22. Rxc6+ Bxc6 23. Bf5+ Qd7 24. Qe5 Bc7 25. Qxc7# 1-0

[Event "Gibtelecom Festival 2010 - Challenger 2"]
[Site "Gibraltar ENG"]
[Date "2010.02.03"]
[Round "4.17"]
[White "Lundback, Karl"]
[Black "Vinas Guerrero, Carlos A"]
[Result "0-1"]
[WhiteElo "1874"]
[BlackElo "2120"]
[PlyCount "71"]
[EventDate "2010.01.31"]
[EventType "swiss"]
[EventRounds "5"]
[EventCountry "ENG"]
[Source "lmi"]
[SourceDate "2010.01.31"]

1. e4 c5 2. Nf3 e6 3. d4 cxd4 4. Nxd4 Nf6 5. Nc3 Nc6 6. a3 Qc7 7. Be3 a6 8. Be2
Be7 9. O-O O-O 10. Qd2 Ne5 11. Bf4 d6 12. b3 Bd7 13. Rfc1 Rac8 14. Nd1 Nxe4 15.
Qe3 Nf6 16. Bxe5 dxe5 17. Nf3 Ng4 18. Qd3 f5 19. Ne1 e4 20. Qh3 Ne5 21. c4 Nc6
22. Qe3 Bf6 23. Ra2 h6 24. Rb1 Bd4 25. Qd2 Rfd8 26. Nc2 Be5 27. g3 Be8 28. Qe1
Qd6 29. b4 Nd4 30. Nxd4 Bxd4 31. c5 Qd5 32. Rc2 Ba4 33. Bc4 Qe5 34. Bb3 Bb5 35.
Ne3 Bd3 36. Nc4 0-1

[Event "Gibtelecom Festival 2010 - Challenger 2"]
[Site "Gibraltar ENG"]
[Date "2010.02.03"]
[Round "4.18"]
[White "Indrebo, Kyrre"]
[Black "Knight, Simon"]
[Result "0-1"]
[WhiteElo "1730"]
[BlackElo "2104"]
[PlyCount "78"]
[EventDate "2010.01.31"]
[EventType "swiss"]
[EventRounds "5"]
[EventCountry "ENG"]
[Source "lmi"]
[SourceDate "2010.01.31"]

1. d4 Nf6 2. c4 g6 3. Nc3 d5 4. Nf3 Bg7 5. Bf4 a6 6. e3 c6 7. h3 O-O 8. Rc1
Nbd7 9. cxd5 Nxd5 10. Bh2 Nxc3 11. bxc3 Qa5 12. Bc4 c5 13. O-O b5 14. Bb3 Bb7
15. a4 Rfd8 16. Qe2 h6 17. Rfd1 Rac8 18. axb5 axb5 19. e4 c4 20. Ba2 Ra8 21.
Rd2 e5 22. Rb2 exd4 23. cxd4 Nc5 24. Bxc4 bxc4 25. dxc5 Bxb2 26. Qxb2 Bxe4 27.
Bd6 Bxf3 28. gxf3 Rac8 29. Qd4 Rxd6 30. Qxd6 Qxc5 31. Qd1 c3 32. Rc2 Qe5 33.
Qd3 Rc5 34. Kg2 Kg7 35. Kf1 h5 36. f4 Qf6 37. Qe3 Rc4 38. f3 Qf5 39. Rxc3 Qb1+
0-1

[Event "Gibtelecom Festival 2010 - Challenger 2"]
[Site "Gibraltar ENG"]
[Date "2010.02.03"]
[Round "4.19"]
[White "Wheldon, Philip"]
[Black "Wright, Jonathan"]
[Result "1-0"]
[WhiteElo "2103"]
[BlackElo "1808"]
[PlyCount "33"]
[EventDate "2010.01.31"]
[EventType "swiss"]
[EventRounds "5"]
[EventCountry "ENG"]
[Source "lmi"]
[SourceDate "2010.01.31"]

1. e4 c6 2. d4 d5 3. Nc3 dxe4 4. Nxe4 Bf5 5. Ng3 Bg6 6. Nf3 Nd7 7. h4 h6 8. h5
Bh7 9. Bd3 Bxd3 10. Qxd3 Qc7 11. Bd2 O-O-O 12. O-O-O Kb8 13. Qf5 g5 14. hxg6
fxg6 15. Qxg6 Ngf6 16. Qf5 Ka8 17. Ng5 1-0

[Event "Gibtelecom Festival 2010 - Challenger 2"]
[Site "Gibraltar ENG"]
[Date "2010.02.03"]
[Round "4.20"]
[White "Navarro Perez, Manuel"]
[Black "Tari, Aryan"]
[Result "0-1"]
[WhiteElo "2099"]
[BlackElo "1932"]
[PlyCount "94"]
[EventDate "2010.01.31"]
[EventType "swiss"]
[EventRounds "5"]
[EventCountry "ENG"]
[Source "lmi"]
[SourceDate "2010.01.31"]

1. e4 c5 2. Nc3 Nc6 3. f4 g6 4. Nf3 Bg7 5. Bc4 a6 6. a4 e6 7. f5 Nge7 8. fxe6
dxe6 9. O-O Nd4 10. d3 O-O 11. Bg5 h6 12. Be3 Nec6 13. Qd2 Kh7 14. Nd1 b6 15.
Nxd4 cxd4 16. Bf4 e5 17. Bg3 f5 18. Bd5 Qd6 19. h3 Be6 20. c4 Bxd5 21. exd5 Na5
22. Qc2 Rac8 23. Be1 Qxd5 24. Bb4 Rfe8 25. Qd2 Qe6 26. Bxa5 bxa5 27. Qxa5 e4
28. b3 e3 29. Re1 Qd6 30. Re2 Qf4 31. Qd5 Be5 32. g3 Qxg3+ 33. Qg2 Qxg2+ 34.
Kxg2 a5 35. Rb1 Bd6 36. Kf3 g5 37. Nb2 h5 38. c5 g4+ 39. Kg2 Bc7 40. Nc4 f4 41.
hxg4 hxg4 42. Kg1 f3 43. Reb2 e2 44. Nd6 Bxd6 45. cxd6 e1=Q+ 46. Rxe1 Rxe1+ 47.
Kf2 Re2+ 0-1

[Event "Gibtelecom Festival 2010 - Challenger 2"]
[Site "Gibraltar ENG"]
[Date "2010.02.03"]
[Round "4.21"]
[White "Bryn, Askild"]
[Black "Mascarenhas, Alberto Pinheiro"]
[Result "1/2-1/2"]
[WhiteElo "2036"]
[BlackElo "2238"]
[PlyCount "66"]
[EventDate "2010.01.31"]
[EventType "swiss"]
[EventRounds "5"]
[EventCountry "ENG"]
[Source "lmi"]
[SourceDate "2010.01.31"]

1. d4 Nf6 2. Nf3 c5 3. e3 b6 4. g3 Bb7 5. Bg2 e6 6. O-O Be7 7. b3 b5 8. dxc5
Bxc5 9. Bb2 O-O 10. Nbd2 d5 11. Nd4 Qb6 12. Qf3 Nbd7 13. Qe2 Ba6 14. Rfc1 b4
15. Qe1 e5 16. N4f3 Rfe8 17. a3 d4 18. axb4 Bxb4 19. c3 dxc3 20. Bxc3 Bxc3 21.
Rxc3 Rac8 22. Nc4 Bxc4 23. bxc4 e4 24. Nd2 Nc5 25. Rca3 Rc7 26. Qb1 Qd6 27. Nb3
Nd3 28. c5 Nxc5 29. Nd4 Rb7 30. Qa2 a6 31. Bf1 Ra8 32. Bc4 h6 33. Ra5 Rc8
1/2-1/2